000 00600nam a2200169 4500
001 113103
003 ES-MaACL
005 20230906185746.0
007 t|
008 061121s1927 mx r ||||1| spa d
100 1 _aNúñez y Domínguez, José de Jesús.
_986230
245 1 3 _aUn virrey limeño en México
_b: (don Juan de Acuña, Marqués de Casa-Fuerte) /
_cJosé de J. Núñez y Domínguez.
260 _aMéxico :
_bMuseo Nacional de Arqueología,
_c1927.
300 _a416 p. :
_bil. ;
_c23 x 13 cm.
710 2 _aMuseo Nacional de Arqueología (México)
_95895
852 _aES-MaACL
_jF-4229
999 _c113103
_d113103